000 00228nam a2200109Ia 4500
008 190216s9999||||xx |||||||||||||| ||und||
100 _aAdward Acton
245 0 _aRussia
260 _bLongmans
650 _aHistory
942 _cBK
999 _c20103
_d20103